Introduction to marketing,advertising and public relations /
| Main Author: | |
|---|---|
| Format: | Book |
| Published: |
London:
The MacMillan Press Ltd,
c1982.
|
| Subjects: |
| LEADER | 00597cam a2200217 7i4500 | ||
|---|---|---|---|
| 001 | 0000044223 | ||
| 005 | 20151104090000.0 | ||
| 005 | ##20151104154400.0 | ||
| 002 | ##000004469 | ||
| 003 | ##MY-KlINT | ||
| 008 | 151104 00010 eng | ||
| 020 | # | # | |a 0333324013 |
| 039 | # | 9 | |y 201511041544 |z VLOAD |
| 090 | 0 | 0 | |a 658.8065912 JEF |
| 100 | 1 | # | |a Jefkins, Frank |
| 245 | 0 | 0 | |a Introduction to marketing,advertising and public relations / |c Frank Jefkins. |
| 260 | # | # | |a London: |b The MacMillan Press Ltd, |c c1982. |
| 300 | # | # | |a viii, 290p. ;. |
| 650 | # | 0 | |a Public relations |
| 650 | # | 0 | |a Advertising |
| 650 | # | 0 | |a Marketing |